Follow That Lyric: Disney Songs Quiz Stats

Quiz Updated Jun 14, 2018

Challenge
Share
Tweet
Embed
Score 0/20 Timer 06:00
42 Plays Today
% Correct
In a most delightful way
89.1%
The jungle VIP
89.1%
The Earth is just a dead thing you can claim
87%
And we'll provide the rest
84.9%
The gleam in your eyes is so familiar a gleam
80.9%
And it's like the fog has lifted
79.9%
Like a reindeer in the sky
79.9%
I can't go back to where I used to be
79.4%
But I got street savoir faire
79%
Somehow I'll be strong
75.2%
% Correct
Whatever you wish for, you keep
74.4%
Don't you cry
72.1%
What more is you lookin' for?
71.9%
Thus far a rather uninspiring thing
70.4%
Now I really wish that I knew how to swim
70.2%
Golly, what a day
70.2%
Who is the monster and who is the man?
69.7%
An actor's life for me!
57.8%
People down here think I'm crazy, but I don't care
53.4%
In a world of my own
49.4%

You're not logged in!

Compare scores with friends on all Sporcle quizzes.
Join for Free
OR
Log In

You Might Also Like...

Show Comments

Extras

Top Quizzes Today


Score Distribution

Your Account Isn't Verified!

In order to create a playlist on Sporcle, you need to verify the email address you used during registration. Go to your Sporcle Settings to finish the process.

Report this User

Report this user for behavior that violates our Community Guidelines.

Details: